00447nam a2200133Ia 4500082001200000100001600012245009000028260002900118300002100147650003500168650004500203650004900248710001600297 aTD.0152 aDesai, D.V. 0aStudy of the development of secondary teachers' education in Gujarat state since 1947 c1973bGujarat University a526p. + C D - 65 aHIGH SCHOOL TEACHERS - GUJARAT aTEACHERS COLLEGES - GUJARAT - 1947-1971  aTEACHERS - TRAINING OF - GUJARAT - 1947-1971 aDesai, K.G.